<?xml version="1.0" encoding="UTF-8"?><?xml-stylesheet type="text/xsl" href="static/style.xsl"?><OAI-PMH xmlns="http://www.openarchives.org/OAI/2.0/" xmlns:xsi="http://www.w3.org/2001/XMLSchema-instance" xsi:schemaLocation="http://www.openarchives.org/OAI/2.0/ http://www.openarchives.org/OAI/2.0/OAI-PMH.xsd"><responseDate>2026-04-27T22:00:17Z</responseDate><request verb="GetRecord" identifier="oai:uvadoc.uva.es:10324/9717" metadataPrefix="marc">https://uvadoc.uva.es/oai/request</request><GetRecord><record><header><identifier>oai:uvadoc.uva.es:10324/9717</identifier><datestamp>2021-06-30T08:22:17Z</datestamp><setSpec>com_10324_7407</setSpec><setSpec>com_10324_5186</setSpec><setSpec>com_10324_29291</setSpec><setSpec>col_10324_7437</setSpec></header><metadata><record xmlns="http://www.loc.gov/MARC21/slim" xmlns:doc="http://www.lyncode.com/xoai" xmlns:xsi="http://www.w3.org/2001/XMLSchema-instance" xmlns:dcterms="http://purl.org/dc/terms/" xsi:schemaLocation="http://www.loc.gov/MARC21/slim http://www.loc.gov/standards/marcxml/schema/MARC21slim.xsd">
<leader>00925njm 22002777a 4500</leader>
<datafield tag="042" ind1=" " ind2=" ">
<subfield code="a">dc</subfield>
</datafield>
<datafield tag="720" ind1=" " ind2=" ">
<subfield code="a">Melchor Montserrat, José Manuel</subfield>
<subfield code="e">author</subfield>
</datafield>
<datafield tag="720" ind1=" " ind2=" ">
<subfield code="a">Seguí Marco, Juan José</subfield>
<subfield code="e">author</subfield>
</datafield>
<datafield tag="720" ind1=" " ind2=" ">
<subfield code="a">Benedito Nuez, Josep</subfield>
<subfield code="e">author</subfield>
</datafield>
<datafield tag="260" ind1=" " ind2=" ">
<subfield code="c">2003</subfield>
</datafield>
<datafield tag="520" ind1=" " ind2=" ">
<subfield code="a">In 1999, carrying out archaelogical excavations in Valencia, one complet funeral)' inscription and some other fragments were discovered. Next year, during the last drilling, 3 new fragments and 1 graffitus were found That confirms this was an important necropolis.</subfield>
</datafield>
<datafield tag="520" ind1=" " ind2=" ">
<subfield code="a">Damos a conocer tres nuevos fragmentos de inscripciones, un grafito y material decorativo, a incorporar a un conjunto de piezas de una necrópolis de la ciudad de Valencia que se publicó anteriormente en esta revista.</subfield>
</datafield>
<datafield tag="024" ind2=" " ind1="8">
<subfield code="a">Hispania antiqua, 2003, N.27, pags.201-210</subfield>
</datafield>
<datafield tag="024" ind2=" " ind1="8">
<subfield code="a">1130-0515</subfield>
</datafield>
<datafield tag="024" ind2=" " ind1="8">
<subfield code="a">http://uvadoc.uva.es/handle/10324/9717</subfield>
</datafield>
<datafield tag="024" ind2=" " ind1="8">
<subfield code="a">201</subfield>
</datafield>
<datafield tag="024" ind2=" " ind1="8">
<subfield code="a">27</subfield>
</datafield>
<datafield tag="024" ind2=" " ind1="8">
<subfield code="a">210</subfield>
</datafield>
<datafield tag="024" ind2=" " ind1="8">
<subfield code="a">Hispania antiqua</subfield>
</datafield>
<datafield ind1=" " ind2=" " tag="653">
<subfield code="a">España-Historia</subfield>
</datafield>
<datafield ind1=" " ind2=" " tag="653">
<subfield code="a">Historia Antigua</subfield>
</datafield>
<datafield tag="245" ind1="0" ind2="0">
<subfield code="a">Nuevas inscripciones funerarias de Valentia: un anexo</subfield>
</datafield>
</record></metadata></record></GetRecord></OAI-PMH>